000 01801nam a22004457a 4500
003 CHAP
005 20220817043058.0
008 971010s1975 it a r 00010 spa d
010 _a64958
011 _a65930
035 _a73527
040 _cCHAP
082 0 4 _a630.717
_bF32
110 2 _aFAO
245 1 0 _aAdiestramiento para el desarrollo agropecuario y rural
_c/por FAO
260 _aRoma :
_bFAO,
_c1975-
300 _av. :
_bilus.
490 0 _aDesarrollo económico y social
500 _aLa biblioteca tiene : 1975, 1976, 1983, 1984
500 _aTit. varía: adiestramiento para la agricultura y el desarrollo rural
590 _aBATCH-UPD
_b10
_c20130110
_lUCH01
_h0956
590 _aBATCH-UPD
_b10
_c20130410
_lUCH01
_h0608
590 _aBATCH-UPD
_b10
_c20130914
_lUCH01
_h1146
590 _aCONVERSION
_b10
_c20130109
_lUCH01
_h1335
650 1 4 _aDesarrollo de la comunidad rural.
_931995
650 1 4 _aDesarrollo rural.
_932067
650 1 4 _aEducación agrícola
_xPaíses subdesarrollados.
_935537
650 1 4 _aExtensión agrícola.
_939144
830 0 0 _aDesarrollo económico y social
_932058
901 _aBK
942 _cLIBRO
949 _a630.717 F32
_bBC
_cFAO
_d-146734
_eFAO1
_f1975
_h35264
_i73527
_si
949 _a630.717 F32
_bBC
_cFAO
_d-146735
_eFAO2
_f1975 c.2
_h35792
_i73527
_si
949 _a630.717 F32
_bBC
_cFAO
_d-146736
_eFAO2
_f1975 c.3
_h37885
_i73527
_si
949 _a630.717 F32
_bBC
_cFAO
_d-146737
_eFAO2
_f1975 c.4
_h37886
_i73527
_si
949 _a630.717 F32
_bBC
_cFAO
_d-146740
_eFAO2
_f1976 c.2
_h41634
_i73527
_si
949 _a630.717 F32
_bBC
_cFAO
_d-146741
_eFAO2
_f1976 c.3
_h61773
_i73527
_si
949 _a630.717 F32
_bBC
_cFAO
_d33724002081405
_eFAO1
_f1976
_h41393
_i73527
_si
949 _a630.717 F32
_bBC
_cFAO
_d33724002310876
_eFAO2
_f1976 c.4
_gDonaciØn
_h115823
_i73527
_sb
999 _c64958
_d64958